Exploring the market for voluntary carbon offsets
Saved in:
| Main Author: | |
|---|---|
| Format: | Book |
| Language: | English |
| Published: |
London :
International Institute for Environment and Development,
2006
|
| Series: | Markets for environmental services ;
; 8 |
| Subjects: | |
| Tags: |
Add Tag
No Tags, Be the first to tag this record!
|
MARC
| LEADER | 00000nam a2200000 i 4500 | ||
|---|---|---|---|
| 001 | 1/73196 | ||
| 008 | 080204s2006 eng d | ||
| 020 | |a 1843695820 | ||
| 035 | |l 10094338 | ||
| 040 | |a GR-MY-UA |b gre |e aacr | ||
| 041 | 0 | |a eng | |
| 082 | 0 | |a 363.7387 |2 (22) | |
| 100 | 1 | |a Taiyab, Nadaa. | |
| 245 | 1 | 0 | |a Exploring the market for voluntary carbon offsets / |c Nadaa Taiyab |
| 260 | |a London : |b International Institute for Environment and Development, |c 2006 | ||
| 300 | |a 36 σ.; |c 30 εκ. | ||
| 490 | 1 | |a Markets for environmental services |v ; 8 | |
| 504 | |a Βιβλιογραφία: σ. 35-36 | ||
| 650 | 0 | 0 | |a Emissions trading. |
| 830 | 0 | |a Markets for environmental services ; |v ; 8 | |
| 852 | |a INST |b LESVOS |e 20080204 |h 363.7387 TAI |p 005100040224 |q 005100040224 |t BK |y 0 | ||
| 901 | |a BIBL1-2008-1 | ||
| 909 | |a Λ |b 144652 | ||
| 922 | |a 1ΕΛΗ |b 200801 |c ΕΠΕΑΕΚ2/ΤΠ |d ΠΑΠΑΣΩΤΗΡΙΟΥ | ||
| 970 | |a ΚΑΡΑ |b ΓΙΑΣΕΜΗ |z 2008/02/04 | ||